Report of the committee on the training of municipal employees (Record no. 416239)

000 -LEADER
fixed length control field 00333cam a22001097a 4500
008 - FIXED-LENGTH DATA ELEMENTS--GENERAL INFORMATION
fixed length control field 180718b1963 xxu||||| |||| 00| 0 eng d
082 ## - DEWEY DECIMAL CLASSIFICATION NUMBER
Classification number K5mx54 In2
245 ## - TITLE STATEMENT
Title Report of the committee on the training of municipal employees
Statement of responsibility, etc. by Ministry of Health, India
260 ## - PUBLICATION, DISTRIBUTION, ETC.
Place of publication, distribution, etc.
Name of publisher, distributor, etc.
Date of publication, distribution, etc. 1963
300 ## - PHYSICAL DESCRIPTION
Extent 30p.
700 ## - ADDED ENTRY--PERSONAL NAME
Personal name India. Ministry of Health
Holdings
Withdrawn status Lost status Damaged status Not for loan Permanent Location Current Location Date acquired Full call number Barcode Date last seen Price effective from Koha item type
        Indian Institute of Public Administration Indian Institute of Public Administration 2009-03-13 K5mx54 In2 D546 2018-07-21 2018-07-21 D

Powered by Koha